[Event "Open Parla 2008"]
[Site "Parla ESP"]
[Date "2008.09.07"]
[Round "2.45"]
[White "Gutierrez Garcia, Alberto"]
[Black "Ramirez Bulnes, Joaquin"]
[Result "0-1"]
[WhiteElo "1742"]
[BlackElo "1954"]
[PlyCount "64"]
[EventDate "2008.09.06"]
[EventType "swiss"]
[EventRounds "9"]
[EventCountry "AUT"]
[Source "lmi"]
[SourceDate "2008.09.06"]

1. e4 c6 2. Nc3 d5 3. Nf3 Bg4 4. exd5 cxd5 5. d4 e6 6. Bb5+ Nc6 7. Qd3 Bd6 8.
Ne5 Bxe5 9. dxe5 Nge7 10. Qg3 Bf5 11. Qxg7 Rg8 12. Qf6 Rxg2 13. Bg5 Bxc2 14.
Kf1 Rg4 15. f3 Rb4 16. Bxc6+ bxc6 17. b3 Qc7 18. Qh8+ Kd7 19. Qxa8 Rb8 20. Qxb8
Qxb8 21. Bxe7 Kxe7 22. f4 Qb4 23. Ne2 Qe4 24. Kf2 d4 25. Nxd4 Qxf4+ 26. Ke2
Qxd4 27. Rhe1 Qxe5+ 28. Kd2 Qb2 29. Ke3 Bf5 30. Rac1 Qxh2 31. Rxc6 Qg3+ 32. Ke2
Qg2+ 0-1

[Event "Open Parla 2008"]
[Site "Parla ESP"]
[Date "2008.09.07"]
[Round "2.46"]
[White "Perez Alvarez, Javier"]
[Black "Camarero Izquierdo, Juan Carlos"]
[Result "0-1"]
[WhiteElo "1727"]
[BlackElo "1928"]
[PlyCount "74"]
[EventDate "2008.09.06"]
[EventType "swiss"]
[EventRounds "9"]
[EventCountry "AUT"]
[Source "lmi"]
[SourceDate "2008.09.06"]

1. e4 c5 2. Nf3 d6 3. d4 cxd4 4. Nxd4 Nf6 5. Nc3 a6 6. f4 g6 7. Be2 Bg7 8. Be3
O-O 9. Qd2 b5 10. Bf3 e5 11. Nde2 Bb7 12. Rd1 b4 13. Na4 Bxe4 14. Bxe4 Nxe4 15.
Qxb4 d5 16. Nb6 a5 17. Qxe4 Qxb6 18. Qxd5 Qxe3 19. Qxa8 exf4 20. Rd3 Qc5 21.
Qd5 Qxc2 22. Qb3 Qc5 23. Rd5 Qe7 24. Qf3 Re8 25. O-O Bxb2 26. Nxf4 a4 27. Rd2
a3 28. Nd5 Qe6 29. Kh1 Na6 30. Rc2 Rd8 31. Nf6+ Bxf6 32. Qxa3 Kg7 33. Qa5 Rd5
34. Qa3 Rh5 35. Qf3 Nb4 36. Re2 Qd6 37. h3 Rf5 0-1

[Event "Open Parla 2008"]
[Site "Parla ESP"]
[Date "2008.09.07"]
[Round "2.47"]
[White "Fernandez Garcia, Javier"]
[Black "Madurga Lopez, Ignacio"]
[Result "1-0"]
[WhiteElo "1924"]
[BlackElo "1666"]
[PlyCount "45"]
[EventDate "2008.09.06"]
[EventType "swiss"]
[EventRounds "9"]
[EventCountry "AUT"]
[Source "lmi"]
[SourceDate "2008.09.06"]

1. d4 Nf6 2. Nf3 c5 3. d5 e6 4. c4 b5 5. dxe6 fxe6 6. cxb5 d5 7. e3 Bd6 8. Nc3
Nbd7 9. Be2 O-O 10. b3 Ne5 11. Bb2 Nfg4 12. Nxd5 Bb7 13. Nf4 Nxf2 14. Kxf2 Ng4+
15. Kg1 Nxe3 16. Nxe6 Qe7 17. Qe1 Qxe6 18. Bc4 Bd5 19. Bxd5 Qxd5 20. Qxe3 Bf4
21. Qc3 Rf6 22. Qc4 Rd6 23. Qxf4 1-0

[Event "Open Parla 2008"]
[Site "Parla ESP"]
[Date "2008.09.07"]
[Round "2.48"]
[White "Rodriguez Centenera, Sara"]
[Black "Martinez Rubio, Felipe"]
[Result "1-0"]
[WhiteElo "1674"]
[BlackElo "1923"]
[PlyCount "77"]
[EventDate "2008.09.06"]
[EventType "swiss"]
[EventRounds "9"]
[EventCountry "AUT"]
[Source "lmi"]
[SourceDate "2008.09.06"]

1. d4 d5 2. c4 e6 3. Nc3 Nf6 4. Nf3 c6 5. Bg5 Nbd7 6. e3 Qa5 7. Qc2 Bb4 8. Nd2
dxc4 9. Bxf6 Nxf6 10. Nxc4 Qd8 11. Be2 Nd5 12. O-O O-O 13. a3 Nxc3 14. bxc3 Be7
15. f4 c5 16. Bf3 Rb8 17. a4 Qc7 18. Rfc1 b6 19. Ne5 Bb7 20. Rab1 Rfc8 21. Bxb7
Rxb7 22. Qa2 cxd4 23. exd4 Qd6 24. Qc2 Rbc7 25. Qd3 f6 26. Nf3 Qxf4 27. Qe2 Kf7
28. Re1 Qd6 29. Nd2 Rxc3 30. Ne4 Qxd4+ 31. Kh1 Rc2 32. Ng5+ Kg6 33. Qxe6 Kxg5
34. Qxe7 R8c7 35. Rb5+ R2c5 36. Qxc7 f5 37. Rxc5 bxc5 38. Qe5 Qf2 39. Qg3+ 1-0

[Event "Open Parla 2008"]
[Site "Parla ESP"]
[Date "2008.09.07"]
[Round "2.49"]
[White "Avendano Mateos, Jose"]
[Black "Rios Barba, Faustino"]
[Result "1-0"]
[WhiteElo "1909"]
[BlackElo "1559"]
[PlyCount "39"]
[EventDate "2008.09.06"]
[EventType "swiss"]
[EventRounds "9"]
[EventCountry "AUT"]
[Source "lmi"]
[SourceDate "2008.09.06"]

1. d4 d5 2. Nf3 Nf6 3. Bg5 e6 4. e3 Be7 5. Bd3 Nbd7 6. O-O c5 7. c4 cxd4 8.
exd4 dxc4 9. Bxc4 O-O 10. Nc3 a6 11. Qe2 b5 12. Bb3 Bb7 13. Rad1 Nb6 14. Rfe1
Re8 15. Ne5 Nfd5 16. Bc1 Rc8 17. Rd3 Rc7 18. Rh3 Nf6 19. Nxf7 Kxf7 20. Qxe6+
1-0

[Event "Open Parla 2008"]
[Site "Parla ESP"]
[Date "2008.09.08"]
[Round "3.1"]
[White "Epishin, Vladimir"]
[Black "Ballesteros Gonzalez, David"]
[Result "1/2-1/2"]
[WhiteElo "2574"]
[BlackElo "2285"]
[PlyCount "128"]
[EventDate "2008.09.06"]
[EventType "swiss"]
[EventRounds "9"]
[EventCountry "AUT"]
[Source "lmi"]
[SourceDate "2008.09.06"]

1. d4 Nf6 2. Nf3 g6 3. b3 Bg7 4. Bb2 O-O 5. g3 b6 6. Bg2 Bb7 7. c4 Ne4 8. O-O
e6 9. Nc3 Nxc3 10. Bxc3 c5 11. Qd2 d6 12. Rad1 Qe7 13. Rfe1 Nc6 14. h4 Rad8 15.
e4 e5 16. d5 Nb8 17. Bh3 Bc8 18. Bxc8 Rxc8 19. h5 Nd7 20. Kg2 Nf6 21. h6 Bh8
22. Qg5 Rfe8 23. Bd2 Nd7 24. Qxe7 Rxe7 25. g4 f6 26. Kf1 Kf7 27. Ke2 Ree8 28.
a4 Ke7 29. Be3 Rb8 30. Rb1 Rec8 31. Nd2 a5 32. f4 Rf8 33. f5 g5 34. Rh1 Rg8 35.
Rh5 Nf8 36. Nf3 Rb7 37. Ng1 Nd7 38. Nh3 Kf7 39. Kf3 Rbb8 40. Rg1 Rbe8 41. Rg2
Rc8 42. Bxg5 fxg5 43. Rxg5 Bf6 44. Rh5 Nf8 45. g5 Be7 46. Rh4 Ng6 47. Rhg4 Rcf8
48. Ke3 Ke8 49. fxg6 Rxg6 50. Ng1 Rfg8 51. Nf3 Bd8 52. R2g3 Be7 53. Kf2 Bd8 54.
Kg2 Be7 55. Kh3 Bd8 56. Nh4 Rxg5 57. Nf5 Rxg4 58. Rxg4 Rxg4 59. Kxg4 Be7 60.
Ng7+ Kf7 61. Kh5 Bf6 62. Ne6 Be7 63. Nc7 Bd8 64. Nb5 Ke7 1/2-1/2

[Event "Open Parla 2008"]
[Site "Parla ESP"]
[Date "2008.09.08"]
[Round "3.2"]
[White "Herraiz Hidalgo, Herminio"]
[Black "Perez Gonzalez, Jose Manuel"]
[Result "1-0"]
[WhiteElo "2507"]
[BlackElo "2255"]
[PlyCount "57"]
[EventDate "2008.09.06"]
[EventType "swiss"]
[EventRounds "9"]
[EventCountry "AUT"]
[Source "lmi"]
[SourceDate "2008.09.06"]

1. c4 Nf6 2. Nf3 g6 3. Nc3 c5 4. d4 cxd4 5. Nxd4 Nc6 6. e4 Nxd4 7. Qxd4 d6 8.
Bg5 Bg7 9. Qd2 O-O 10. Bd3 Be6 11. O-O Nd7 12. b3 Nc5 13. Rad1 Nxd3 14. Qxd3
Bxc3 15. Qxc3 f6 16. Bh6 Re8 17. e5 Rc8 18. exf6 exf6 19. Qb4 Qc7 20. Rxd6 Rcd8
21. c5 Kf7 22. Be3 Bf5 23. Rfd1 Rxd6 24. cxd6 Qc6 25. h3 Be4 26. d7 Rd8 27. Rd6
Qc7 28. Qd4 Kg8 29. Bh6 1-0

[Event "Open Parla 2008"]
[Site "Parla ESP"]
[Date "2008.09.08"]
[Round "3.3"]
[White "Arribas Lopez, Angel"]
[Black "Mekhitarian, Krikor Sevag"]
[Result "0-1"]
[WhiteElo "2332"]
[BlackElo "2504"]
[PlyCount "104"]
[EventDate "2008.09.06"]
[EventType "swiss"]
[EventRounds "9"]
[EventCountry "AUT"]
[Source "lmi"]
[SourceDate "2008.09.06"]

1. e4 c5 2. Nf3 e6 3. d4 cxd4 4. Nxd4 a6 5. Nc3 d6 6. f3 Nf6 7. Bg5 b5 8. Qd2
Bb7 9. O-O-O Nbd7 10. Bd3 Rc8 11. Kb1 Be7 12. a3 Nb6 13. Rhe1 h6 14. Bh4 O-O
15. g4 Nfd7 16. Bxe7 Qxe7 17. f4 Rfd8 18. Re3 Qf6 19. Nce2 Nc5 20. b3 g6 21.
Rh3 Bxe4 22. Bxe4 Nxe4 23. Qe3 d5 24. Rxh6 e5 25. fxe5 Qxe5 26. Nf3 Qf6 27. g5
Rc3 28. Rd3 Rxd3 29. Qxd3 Nxg5 30. Nxg5 Qxg5 31. Rh3 d4 32. Rg3 Qe5 33. h4 Nd5
34. Kb2 Nf6 35. Rg5 Qe4 36. Qxe4 Nxe4 37. Rg4 d3 38. Rxe4 dxe2 39. Rxe2 Rd4 40.
Re8+ Kg7 41. Ra8 Rxh4 42. Rxa6 g5 43. Rb6 g4 44. Rxb5 Kg6 45. Rb8 Rh7 46. Rd8
f5 47. a4 g3 48. Rd1 f4 49. Rg1 Kf5 50. Kc3 Kg4 51. Kd3 f3 52. Re1 Rd7+ 0-1

[Event "Open Parla 2008"]
[Site "Parla ESP"]
[Date "2008.09.08"]
[Round "3.4"]
[White "Starostits, Ilmar"]
[Black "Estrada Martinez, Cesar"]
[Result "1-0"]
[WhiteElo "2497"]
[BlackElo "2225"]
[PlyCount "69"]
[EventDate "2008.09.06"]
[EventType "swiss"]
[EventRounds "9"]
[EventCountry "AUT"]
[Source "lmi"]
[SourceDate "2008.09.06"]

1. e4 c5 2. Nc3 Nc6 3. g3 d6 4. Bg2 g6 5. d3 Bg7 6. f4 e6 7. Nf3 Nge7 8. O-O
O-O 9. Be3 Nd4 10. e5 Nef5 11. Bf2 Nxf3+ 12. Qxf3 Nd4 13. Qd1 dxe5 14. fxe5
Bxe5 15. Ne4 Nc6 16. c3 f5 17. Nxc5 Bg7 18. Re1 Re8 19. d4 Qc7 20. d5 Ne5 21.
d6 Qf7 22. Qb3 f4 23. gxf4 Qxf4 24. Bg3 Nf3+ 25. Bxf3 Qxf3 26. d7 Bxd7 27. Nxd7
Qc6 28. Ne5 Qc5+ 29. Bf2 Qe7 30. Rad1 Qg5+ 31. Bg3 h5 32. Qxb7 h4 33. Qf7+ Kh7
34. Rd7 Rg8 35. Re4 1-0

[Event "Open Parla 2008"]
[Site "Parla ESP"]
[Date "2008.09.08"]
[Round "3.8"]
[White "Moreno Ruiz, Javier"]
[Black "Gomez Peco, Pablo"]
[Result "1/2-1/2"]
[WhiteElo "2470"]
[BlackElo "2197"]
[PlyCount "128"]
[EventDate "2008.09.06"]
[EventType "swiss"]
[EventRounds "9"]
[EventCountry "AUT"]
[Source "lmi"]
[SourceDate "2008.09.06"]

1. d4 c6 2. c4 d5 3. Nf3 Nf6 4. e3 a6 5. Bd3 g6 6. O-O Bg7 7. a4 O-O 8. Nc3 Bf5
9. Bxf5 gxf5 10. Qb3 Ra7 11. a5 e6 12. Bd2 Ne4 13. Rfc1 Nxd2 14. Nxd2 f4 15.
exf4 Bxd4 16. Ne2 Bf6 17. Ng3 Nd7 18. Nh5 Kh8 19. Nf3 Rg8 20. f5 Ne5 21. Nxe5
Bxe5 22. Qe3 Bxb2 23. Qxa7 Qg5 24. Ng3 Bxc1 25. Qd4+ e5 26. Qxe5+ f6 27. Qc3
Bd2 28. Qd3 dxc4 29. Qxc4 Bf4 30. Rb1 Bxg3 31. hxg3 Qxf5 32. Rxb7 Qxa5 33. Qf4
Qg5 34. Ra7 Qxf4 35. gxf4 Rc8 36. Rxa6 Rc7 37. Kf1 Kg7 38. Ke2 Kg6 39. Kf3 Rc8
40. Ra7 h5 41. Ke4 Re8+ 42. Kd3 Rd8+ 43. Ke4 Re8+ 44. Kf3 Rc8 45. Re7 Ra8 46.
g3 Rc8 47. Ke4 c5 48. f5+ Kh6 49. Rf7 Rc6 50. Kd5 Ra6 51. f4 h4 52. gxh4 Kh5
53. Re7 Kxh4 54. Re6 Ra4 55. Rxf6 Rxf4 56. Ke5 Kg4 57. Rf8 c4 58. f6 Kf3 59.
Rh8 Re4+ 60. Kd5 Rf4 61. Ke6 Ke3 62. Rh5 c3 63. f7 Rxf7 64. Kxf7 c2 1/2-1/2

[Event "Open Parla 2008"]
[Site "Parla ESP"]
[Date "2008.09.08"]
[Round "3.9"]
[White "Sanchez Gonzalez, Sergio"]
[Black "Roa Alonso, Santiago"]
[Result "0-1"]
[WhiteElo "2228"]
[BlackElo "2465"]
[PlyCount "40"]
[EventDate "2008.09.06"]
[EventType "swiss"]
[EventRounds "9"]
[EventCountry "AUT"]
[Source "lmi"]
[SourceDate "2008.09.06"]

1. e4 c5 2. Ne2 d6 3. Nbc3 Nf6 4. g3 Nc6 5. Bg2 g6 6. d4 cxd4 7. Nxd4 Bd7 8.
O-O Bg7 9. Nxc6 bxc6 10. Rb1 O-O 11. Qd3 Qa5 12. Bd2 Qh5 13. f3 Be6 14. Kh1 Nd7
15. b3 Nc5 16. Qe3 Bh3 17. Bxh3 Qxh3 18. g4 Be5 19. Qe2 Ne6 20. Rg1 Nd4 0-1

[Event "Open Parla 2008"]
[Site "Parla ESP"]
[Date "2008.09.08"]
[Round "3.10"]
[White "Adan Bermudez, Sergio"]
[Black "Cabrera Trujillo, Jorge"]
[Result "1/2-1/2"]
[WhiteElo "2205"]
[BlackElo "2423"]
[PlyCount "54"]
[EventDate "2008.09.06"]
[EventType "swiss"]
[EventRounds "9"]
[EventCountry "AUT"]
[Source "lmi"]
[SourceDate "2008.09.06"]

1. c4 e5 2. g3 Nf6 3. Bg2 d5 4. cxd5 Nxd5 5. Nf3 Nc6 6. O-O Be7 7. d4 e4 8. Ne5
f5 9. Nxc6 bxc6 10. Nc3 O-O 11. Qa4 Nb6 12. Qb3+ Kh8 13. Rd1 Ba6 14. f3 exf3
15. Bxf3 Qd7 16. Na4 Nd5 17. Nc5 Bxc5 18. dxc5 Qe7 19. Qa3 Bb7 20. Bf4 a6 21.
Rac1 Rad8 22. Bxd5 Rxd5 23. Rxd5 cxd5 24. c6 Qxa3 25. bxa3 Ba8 26. Rc5 Kg8 27.
Kf2 Rf6 1/2-1/2

[Event "Open Parla 2008"]
[Site "Parla ESP"]
[Date "2008.09.08"]
[Round "3.11"]
[White "Martinez Martin, David"]
[Black "Gago Padreny, Ignacio"]
[Result "1/2-1/2"]
[WhiteElo "2415"]
[BlackElo "2169"]
[PlyCount "102"]
[EventDate "2008.09.06"]
[EventType "swiss"]
[EventRounds "9"]
[EventCountry "AUT"]
[Source "lmi"]
[SourceDate "2008.09.06"]

1. e4 c5 2. Nf3 d6 3. d4 cxd4 4. Nxd4 Nf6 5. Nc3 a6 6. Bg5 e6 7. f4 Qc7 8. Bxf6
gxf6 9. Be2 Nc6 10. Nb3 Bd7 11. Bh5 Qb6 12. Qe2 Bh6 13. Rf1 Ne7 14. O-O-O Ng6
15. Kb1 O-O 16. g3 Rad8 17. Rd3 Bc6 18. Rfd1 Qc7 19. Nd4 Bd7 20. Qg4 Bg7 21.
Nf3 Bc8 22. Qh3 b5 23. a3 Qb6 24. Bg4 Ne7 25. Qh5 Bb7 26. Nd4 d5 27. e5 fxe5
28. fxe5 Ng6 29. Nf3 d4 30. Ng5 h6 31. Nxe6 fxe6 32. Qxg6 Kh8 33. Ne2 Qc7 34.
Nf4 Qxe5 35. Nxe6 Be4 36. Nxf8 Rxf8 37. Qxa6 Bxd3 38. cxd3 Qg5 39. Bd7 Qh5 40.
g4 Qxh2 41. Qxb5 Rb8 42. Qxb8+ Qxb8 43. Re1 Be5 44. Bf5 Kg7 45. Rc1 Qb3 46. Rc6
Bf4 47. Rg6+ Kf8 48. Rc6 Bd2 49. Rc2 Ba5 50. Be4 Ke7 51. Rc5 Bb6 1/2-1/2

[Event "Open Parla 2008"]
[Site "Parla ESP"]
[Date "2008.09.08"]
[Round "3.12"]
[White "Baigorri Navarro, Francisco Javie"]
[Black "Diamant, Andre"]
[Result "0-1"]
[WhiteElo "2178"]
[BlackElo "2393"]
[PlyCount "68"]
[EventDate "2008.09.06"]
[EventType "swiss"]
[EventRounds "9"]
[EventCountry "AUT"]
[Source "lmi"]
[SourceDate "2008.09.06"]

1. Nf3 g6 2. c4 Bg7 3. Nc3 e5 4. d4 exd4 5. Nxd4 Nc6 6. Nxc6 bxc6 7. e4 Ne7 8.
Be2 d6 9. h4 h5 10. Bg5 Rb8 11. Qd2 Be6 12. O-O-O Qd7 13. f3 c5 14. b3 Nc6 15.
Nd5 Bxd5 16. exd5 Nd4 17. Qe3+ Kf8 18. Bd3 a5 19. Rhe1 a4 20. Qf4 Be5 21. Rxe5
dxe5 22. Qxe5 Kg8 23. Re1 axb3 24. axb3 Nxb3+ 25. Kd1 Nd4 26. Re4 f5 27. Re3
Rh7 28. g4 hxg4 29. fxg4 Rf7 30. h5 Qa4+ 31. Ke1 Qa1+ 32. Kf2 fxg4+ 33. Kg2
Rb2+ 34. Be2 Rxe2+ 0-1

[Event "Open Parla 2008"]
[Site "Parla ESP"]
[Date "2008.09.08"]
[Round "3.13"]
[White "Ortiz Suarez, Isam"]
[Black "Cabanas Bravo, Juan Andres"]
[Result "1-0"]
[WhiteElo "2392"]
[BlackElo "2019"]
[PlyCount "65"]
[EventDate "2008.09.06"]
[EventType "swiss"]
[EventRounds "9"]
[EventCountry "AUT"]
[Source "lmi"]
[SourceDate "2008.09.06"]

1. e4 c5 2. Nf3 Qa5 3. Nc3 e6 4. Be2 Nc6 5. O-O Nf6 6. d4 cxd4 7. Nxd4 a6 8.
Nb3 Qc7 9. f4 Bb4 10. Bf3 Bxc3 11. bxc3 Ne7 12. Ba3 Qxf4 13. Bd6 Qe3+ 14. Kh1
Nxe4 15. Bxe4 Qxe4 16. Qh5 Qg6 17. Qc5 Nc6 18. Rae1 h5 19. Nd4 h4 20. Nf5 f6
21. Bc7 Kf7 22. Nd6+ Kg8 23. Nc4 Kf7 24. Nb6 Ra7 25. Qd6 Ne7 26. Bb8 h3 27.
gxh3 Qxc2 28. Bxa7 Nf5 29. Rxf5 Qxf5 30. Nxc8 Qf3+ 31. Kg1 Qxh3 32. Qxd7+ Kg6
33. Ne7+ 1-0

[Event "Open Parla 2008"]
[Site "Parla ESP"]
[Date "2008.09.08"]
[Round "3.14"]
[White "Molina Rodriguez, Jorge Luis"]
[Black "Fier, Alexandr"]
[Result "0-1"]
[WhiteElo "2105"]
[BlackElo "2558"]
[PlyCount "78"]
[EventDate "2008.09.06"]
[EventType "swiss"]
[EventRounds "9"]
[EventCountry "AUT"]
[Source "lmi"]
[SourceDate "2008.09.06"]

1. c4 Nf6 2. Nc3 e6 3. e4 c5 4. g3 Nc6 5. Nf3 d5 6. d3 dxe4 7. dxe4 Qxd1+ 8.
Kxd1 Bd7 9. Bg2 O-O-O 10. Ke2 Nd4+ 11. Kf1 h6 12. Rb1 g5 13. Be3 Nc2 14. Ke2
Ng4 15. Nd1 Bc6 16. Ne1 Ngxe3 17. Nxe3 Nd4+ 18. Kf1 Bg7 19. h4 b6 20. b3 a5 21.
Rd1 a4 22. hxg5 hxg5 23. Rxh8 Bxh8 24. Rb1 Kc7 25. b4 cxb4 26. Rxb4 Bf6 27. Rb1
Be7 28. Nd3 Nf3 29. Bxf3 Rxd3 30. Rc1 Ra3 31. Rc2 Bc5 32. Ke2 Bd4 33. Nd5+ Kb8
34. Nb4 Bb7 35. g4 Bc3 36. Nd3 Ba6 37. Kd1 Bxc4 38. Be2 Bxa2 39. Nc1 Bb1 0-1

[Event "Open Parla 2008"]
[Site "Parla ESP"]
[Date "2008.09.08"]
[Round "3.15"]
[White "Vazquez Igarza, Renier"]
[Black "Ferreiro Calvo, Manuel"]
[Result "1-0"]
[WhiteElo "2540"]
[BlackElo "2034"]
[PlyCount "63"]
[EventDate "2008.09.06"]
[EventType "swiss"]
[EventRounds "9"]
[EventCountry "AUT"]
[Source "lmi"]
[SourceDate "2008.09.06"]

1. d4 f5 2. g3 Nf6 3. Bg2 e6 4. c4 d5 5. Qc2 c6 6. Nh3 Be7 7. O-O O-O 8. Nd2
Qe8 9. Nf3 Kh8 10. Nf4 Ne4 11. Ne5 Bf6 12. b3 Be7 13. Bb2 Na6 14. f3 Nd6 15. e4
dxe4 16. fxe4 Nxe4 17. Bxe4 fxe4 18. Qxe4 Kg8 19. Rae1 Nc7 20. d5 exd5 21. cxd5
Bc5+ 22. Kg2 cxd5 23. Nxd5 Ne6 24. b4 Rxf1 25. Rxf1 Bd6 26. Qg4 Bxe5 27. Bxe5
Qc6 28. Qf3 Qe8 29. Nf6+ gxf6 30. Qxf6 Nf4+ 31. Qxf4 Qc6+ 32. Kg1 1-0

[Event "Open Parla 2008"]
[Site "Parla ESP"]
[Date "2008.09.08"]
[Round "3.17"]
[White "Penalosa Pinilla, Jesus"]
[Black "Cerrato Torrijos, Maria"]
[Result "1/2-1/2"]
[WhiteElo "2224"]
[BlackElo "1877"]
[PlyCount "55"]
[EventDate "2008.09.06"]
[EventType "swiss"]
[EventRounds "9"]
[EventCountry "AUT"]
[Source "lmi"]
[SourceDate "2008.09.06"]

1. Nf3 Nf6 2. g3 e6 3. Bg2 Be7 4. O-O O-O 5. d3 c5 6. e4 d6 7. Nbd2 Nc6 8. c3
Qc7 9. Re1 b6 10. a3 Bb7 11. b4 Nd7 12. d4 Rac8 13. Nb3 a6 14. Bb2 Rfd8 15. h4
cxd4 16. cxd4 Na7 17. Rc1 Qb8 18. Qd3 Rxc1 19. Rxc1 Rc8 20. Nh2 Rxc1+ 21. Bxc1
Nf6 22. f3 Qc7 23. Bf1 a5 24. bxa5 bxa5 25. Bd2 a4 26. Na5 Bc8 27. Be2 Bd7 28.
Qb1 1/2-1/2

[Event "Open Parla 2008"]
[Site "Parla ESP"]
[Date "2008.09.08"]
[Round "3.19"]
[White "Sanchez-Alarcos Galian, Victor"]
[Black "Lozano Cortijo, Mariano"]
[Result "1/2-1/2"]
[WhiteElo "2026"]
[BlackElo "2156"]
[PlyCount "51"]
[EventDate "2008.09.06"]
[EventType "swiss"]
[EventRounds "9"]
[EventCountry "AUT"]
[Source "lmi"]
[SourceDate "2008.09.06"]

1. d4 d5 2. c4 c6 3. Nf3 Nf6 4. Nc3 g6 5. Bf4 Bg7 6. e3 O-O 7. Qb3 Qa5 8. Be2
dxc4 9. Bxc4 b5 10. Bxf7+ Rxf7 11. Ng5 e6 12. Nxf7 Kxf7 13. O-O Nd5 14. Nxd5
exd5 15. Rac1 Qb6 16. Rc5 Bf8 17. Rc3 b4 18. Rcc1 Na6 19. Be5 Be6 20. f4 Bf5
21. g4 Be4 22. f5 gxf5 23. gxf5 Be7 24. Qd1 Rg8+ 25. Bg3 Rg5 26. Qa4 1/2-1/2

[Event "Open Parla 2008"]
[Site "Parla ESP"]
[Date "2008.09.08"]
[Round "3.20"]
[White "Salcedo Tornero, Pablo"]
[Black "Vazquez Torres, Adrian"]
[Result "1/2-1/2"]
[WhiteElo "2157"]
[BlackElo "1981"]
[PlyCount "166"]
[EventDate "2008.09.06"]
[EventType "swiss"]
[EventRounds "9"]
[EventCountry "AUT"]
[Source "lmi"]
[SourceDate "2008.09.06"]

1. e4 e6 2. d3 d5 3. Nd2 Nf6 4. Ngf3 c5 5. g3 Nc6 6. Bg2 Be7 7. O-O b6 8. Re1
Bb7 9. e5 Nd7 10. Nf1 Qc7 11. Bf4 h6 12. h4 O-O-O 13. c3 Rdg8 14. d4 g5 15.
hxg5 hxg5 16. Be3 Kb8 17. a3 Qd8 18. N3h2 Rg7 19. Ng4 Qg8 20. Qe2 Rgh7 21. b4
Rh5 22. bxc5 Qh7 23. f3 bxc5 24. Qb5 Qg8 25. Reb1 Qc8 26. Rb2 c4 27. Rab1 Nb6
28. Nf6 Ka8 29. Ra2 Ba6 30. Qb2 Bxf6 31. exf6 Rg8 32. a4 Qc7 33. g4 Rh6 34. Bf2
Rxf6 35. Bg3 Qc8 36. a5 Nd7 37. Qa3 Nf8 38. Rab2 Ng6 39. Bd6 Qd7 40. Qc5 Nge7
41. Ne3 Rd8 42. Bg3 Rh6 43. Nc2 Rhh8 44. Nb4 Nxb4 45. Qxb4 Nc6 46. Qc5 f5 47.
gxf5 exf5 48. Bh3 g4 49. fxg4 Qe6 50. Bg2 fxg4 51. Bxd5 Qxd5 52. Qxd5 Rxd5 53.
Bh2 Rc8 54. Bf4 Rxa5 55. Kg2 Rf8 56. Bd6 Rg8 57. Kg3 Rf5 58. Bf4 Rgf8 59. Bd6
Rf3+ 60. Kg2 Rd8 61. Bc7 Rc8 62. Bd6 Rd3 63. Bg3 Rh8 64. Kf2 Rg8 65. Bc7 g3+
66. Kg2 Rh8 67. Kg1 Rg8 68. Kg2 Rc8 69. Bd6 Rg8 70. Bc7 Rf8 71. Bd6 Rf2+ 72.
Rxf2 gxf2 73. Kxf2 Rxc3 74. Rh1 Rb3 75. d5 Nb8 76. Rh8 c3 77. Ke3 Bc4 78. Rc8
Bxd5 79. Kd3 Rb6 80. Rxb8+ Rxb8 81. Bxb8 Kxb8 82. Kxc3 a5 83. Kb2 a4 1/2-1/2

[Event "Open Parla 2008"]
[Site "Parla ESP"]
[Date "2008.09.08"]
[Round "3.21"]
[White "Ferreira, Henrique Camara"]
[Black "Tolosana Esteban, Enrique"]
[Result "1-0"]
[WhiteElo "2151"]
[BlackElo "1954"]
[PlyCount "75"]
[EventDate "2008.09.06"]
[EventType "swiss"]
[EventRounds "9"]
[EventCountry "AUT"]
[Source "lmi"]
[SourceDate "2008.09.06"]

1. d4 Nf6 2. Nf3 g6 3. c4 c5 4. d5 b5 5. cxb5 a6 6. bxa6 Bxa6 7. g3 d6 8. Bg2
Bg7 9. O-O O-O 10. Nc3 Nbd7 11. Qc2 Nb6 12. Rd1 Nfd7 13. e4 Qc7 14. b3 Rfb8 15.
Bb2 Qb7 16. Rdb1 Ne5 17. Nxe5 Bxe5 18. Nd1 Nd7 19. f4 Bd4+ 20. Bxd4 cxd4 21.
Qf2 Bd3 22. Rc1 Qb6 23. Nb2 Nc5 24. Rxc5 Qxc5 25. Nxd3 Qc3 26. Rd1 Ra3 27. Qd2
Qc7 28. Rc1 Qb7 29. Rc2 e5 30. dxe6 fxe6 31. f5 e5 32. fxg6 hxg6 33. Bh3 Qf7
34. Qg5 Kg7 35. Rf2 Qe8 36. Qf6+ Kg8 37. Be6+ Kh7 38. Bf7 1-0

[Event "Open Parla 2008"]
[Site "Parla ESP"]
[Date "2008.09.08"]
[Round "3.22"]
[White "Baeza Escudero, Javier"]
[Black "Ivanovitch Balsinde, Nicolas"]
[Result "0-1"]
[WhiteElo "1971"]
[BlackElo "2149"]
[PlyCount "68"]
[EventDate "2008.09.06"]
[EventType "swiss"]
[EventRounds "9"]
[EventCountry "AUT"]
[Source "lmi"]
[SourceDate "2008.09.06"]

1. e4 e5 2. Nf3 Nc6 3. d4 exd4 4. Nxd4 Bc5 5. Be3 Qf6 6. c3 Nge7 7. Bc4 Ne5 8.
Be2 d6 9. f4 Ng4 10. Bxg4 Qh4+ 11. Bf2 Qxg4 12. Qxg4 Bxg4 13. f5 Bxd4 14. Bxd4
f6 15. h3 Bh5 16. g4 Bf7 17. g5 fxg5 18. Rg1 h6 19. Bxg7 Rh7 20. Bf6 Nc6 21.
Na3 Bh5 22. h4 Kd7 23. hxg5 hxg5 24. Kf2 Re8 25. Rae1 Bf7 26. Rxg5 Rh6 27. e5
Nxe5 28. Bxe5 Rxe5 29. Rxe5 dxe5 30. Ke3 Ke7 31. Rg2 Kf6 32. Nb5 Rh3+ 33. Ke4
c6 34. Nd6 Bd5# 0-1

[Event "Open Parla 2008"]
[Site "Parla ESP"]
[Date "2008.09.08"]
[Round "3.23"]
[White "Sanchez-Guijaldo Vela, Demetrio"]
[Black "Fernandez Garcia, Javier"]
[Result "1-0"]
[WhiteElo "2141"]
[BlackElo "1924"]
[PlyCount "65"]
[EventDate "2008.09.06"]
[EventType "swiss"]
[EventRounds "9"]
[EventCountry "AUT"]
[Source "lmi"]
[SourceDate "2008.09.06"]

1. e4 e6 2. d4 d5 3. exd5 exd5 4. Nf3 Bd6 5. Bd3 Ne7 6. O-O Nbc6 7. c3 Bg4 8.
Re1 f6 9. Nbd2 Qd7 10. b4 O-O-O 11. a4 g5 12. a5 h5 13. b5 Nb8 14. Ba3 h4 15.
Bc5 Bh5 16. Qc2 Bf7 17. Nf1 g4 18. N3d2 Be6 19. Bxa7 g3 20. fxg3 hxg3 21. hxg3
Rdg8 22. Re3 Bf5 23. Bc5 Bxd3 24. Qxd3 Nf5 25. Rf3 Rg5 26. a6 bxa6 27. bxa6
Bxc5 28. dxc5 Nc6 29. a7 Kb7 30. a8=Q+ Rxa8 31. Qb5+ Kc8 32. Rxa8+ Nb8 33.
Rxb8# 1-0

[Event "Open Parla 2008"]
[Site "Parla ESP"]
[Date "2008.09.08"]
[Round "3.24"]
[White "Ramirez Bulnes, Joaquin"]
[Black "Lopez-Andujar Ocana, Antonio"]
[Result "0-1"]
[WhiteElo "1954"]
[BlackElo "2138"]
[PlyCount "90"]
[EventDate "2008.09.06"]
[EventType "swiss"]
[EventRounds "9"]
[EventCountry "AUT"]
[Source "lmi"]
[SourceDate "2008.09.06"]

1. c4 Nf6 2. Nc3 c5 3. g3 d5 4. cxd5 Nxd5 5. Bg2 Nc7 6. Nf3 Nc6 7. O-O e5 8. d3
Be7 9. b3 O-O 10. Bb2 f6 11. Rc1 Be6 12. Nd2 Qd7 13. Nce4 b6 14. Re1 Rac8 15.
a3 Rfd8 16. b4 f5 17. bxc5 fxe4 18. cxb6 axb6 19. Nxe4 Bd5 20. e3 Ne8 21. f4
Qe6 22. Qh5 Bxe4 23. Bxe4 Nf6 24. Qf5 Qb3 25. Bxc6 Qxb2 26. Qe6+ Kh8 27. fxe5
Nd5 28. Rb1 Rxc6 29. Qxc6 Qxe5 30. d4 Qe4 31. Rxb6 Bg5 32. Rb3 Rf8 33. Qc1 h5
34. Qd2 h4 35. Qg2 Rf3 36. Rb8+ Kh7 37. Re8 Qxe8 38. Qxf3 Bxe3+ 39. Kg2 Qe6 40.
g4 Kh6 41. Qf5 Qxf5 42. gxf5 Bxd4 43. Kf3 Nf6 44. a4 Kg5 45. Rg1+ Bxg1 0-1